|
|
|
|
| LEADER |
00000naa2a2200000 4500 |
| 001 |
605507 |
| 005 |
20231218135412.0 |
| 035 |
|
|
|a (RuTPU)RU\TPU\conf\2809
|
| 035 |
|
|
|a RU\TPU\conf\2808
|
| 090 |
|
|
|a 605507
|
| 100 |
|
|
|a 20140416d2013 k y0rusy50 ba
|
| 101 |
0 |
|
|a eng
|
| 102 |
|
|
|a RU
|
| 105 |
|
|
|a y z 100zy
|
| 135 |
|
|
|a arnn ---uucaa
|
| 181 |
|
0 |
|a i
|
| 182 |
|
0 |
|a b
|
| 200 |
1 |
|
|a Determination of thermodynamic probability of dewaxing process reactions using quantumchemical method of calculation
|f G. Y. Silko
|g Sci. adv. E. N. Ivashkina, A. A. Syskina
|
| 203 |
|
|
|a Текст
|c электронный
|
| 225 |
1 |
|
|a Geology, mining and petroleum engineering
|
| 300 |
|
|
|a Заглавие с экрана
|
| 320 |
|
|
|a [Библиогр.: с. 846 (5 назв.)]
|
| 337 |
|
|
|a Adobe Reader
|
| 461 |
|
1 |
|0 (RuTPU)RU\TPU\conf\37
|t Проблемы геологии и освоения недр
|o труды XVII Международного симпозиума имени академика М. А. Усова студентов и молодых ученых, Томск, 1-5 апреля 2013 г.
|o в 2 т.
|f Национальный исследовательский Томский политехнический университет (ТПУ), Институт природных ресурсов (ИПР) ; Общество инженеров-нефтяников, Студенческий чаптер ; под ред. А. Ю. Дмитриева
|d 2013
|
| 463 |
|
1 |
|0 (RuTPU)RU\TPU\conf\39
|t Т. 2
|v [С. 844-846]
|d 2013
|
| 610 |
1 |
|
|a труды учёных ТПУ
|
| 610 |
1 |
|
|a электронный ресурс
|
| 610 |
1 |
|
|a депарафинизация
|
| 610 |
1 |
|
|a квантовохимические методы
|
| 610 |
1 |
|
|a дизельное топливо
|
| 700 |
|
1 |
|a Silko
|b G. Yu.
|c chemist
|c assistant of Tomsk Polytechnic University
|f 1990-
|g Galina Yurievna
|3 (RuTPU)RU\TPU\pers\35979
|9 19120
|
| 702 |
|
1 |
|a Ivashkina
|b E. N.
|c chemist-technologist
|c Associate Professor of Tomsk Polytechnic University, Candidate of technical science
|f 1983-
|g Elena Nikolaevna
|4 727
|
| 702 |
|
1 |
|a Syskina
|b A. A.
|c linguist
|c Senior Lecturer of Tomsk Polytechnic University
|f 1980-
|g Anna Aleksandrovna
|4 727
|
| 712 |
0 |
2 |
|a Национальный исследовательский Томский политехнический университет (ТПУ)
|b Институт природных ресурсов (ИПР)
|b Кафедра химической технологии топлива и химической кибернетики (ХТТ)
|3 (RuTPU)RU\TPU\col\18665
|
| 801 |
|
2 |
|a RU
|b 63413507
|c 20230316
|g RCR
|
| 856 |
4 |
|
|u http://www.lib.tpu.ru/fulltext/c/2013/C11/V2/418.pdf
|
| 942 |
|
|
|c BK
|